Obchodné podnikanie a e-komunikácia

Význam prijatia zákona o elektrickom podpise. Rozvíjanie ďalších možností e-komunikácie a jej význam v obchodnom podnikaní firiem. Vytlačenie papierovej formy klasickej komunikácie ako aj médií a komunikačných nástrojov, ktoré využívajú tradičný spôsob sprostredkovania informácií.

Guardado en:
Detalles Bibliográficos
Autor principal: Juriková, Benita, 1973-
Formato: Capítulo de libro
Lenguaje:eslovaco
Materias:
Etiquetas: Agregar Etiqueta
Sin Etiquetas, Sea el primero en etiquetar este registro!

MARC

LEADER 00000naa$a2200000$$$4500
001 0045770
005 20240502071529.6
041 0 |a slo 
044 |a SK 
245 1 0 |a Obchodné podnikanie a e-komunikácia  |c Benita Juríková 
520 |a Význam prijatia zákona o elektrickom podpise. Rozvíjanie ďalších možností e-komunikácie a jej význam v obchodnom podnikaní firiem. Vytlačenie papierovej formy klasickej komunikácie ako aj médií a komunikačných nástrojov, ktoré využívajú tradičný spôsob sprostredkovania informácií. 
610 2 0 |a podnikanie 
610 2 0 |a komunikácia elektronická 
610 2 0 |a pošta elektronická 
610 2 0 |a podpis elektronický 
610 2 0 |a výmena informácií 
100 1 |a Juriková, Benita, 1973-